000 00637nam a2200181Ia 4500
008 151202s9999||||xx |||||||||||||| ||und||
082 _bPNVM-50632
100 _aअष्टीकर मंदाकिनी.
245 _aवाट अंधारी साथ काटेरी.
260 _b---
260 _c50632
300 _a0
600 _aअष्टीकर मंदाकिनी.
630 _aवाट अंधारी साथ काटेरी.
700 _aअष्टीकर मंदाकिनी.
730 _aवाट अंधारी साथ काटेरी.
942 _cBOOK
999 _c1317174
_d1317171